| 000 | 00752nam a22002057a 4500 | ||
|---|---|---|---|
| 999 |
_c9405 _d9405 |
||
| 003 | AR-CdUCM | ||
| 008 | 190327b ||||| |||| 00| 0 spa d | ||
| 040 |
_aMUNICIPALIDAD PROVINCIAL DEL CUSCO _cBIBLIOTECA MUNICIPAL DEL CUSCO |
||
| 082 |
_a869.56 / _bB12 |
||
| 100 |
_aBacacorzo, Jorge _912052 |
||
| 245 |
_aLas eras de junio : _b1950-1953 : poemas / |
||
| 260 |
_aLima : _b Palabra y Fuego, _c1962. |
||
| 300 |
_a117 paginas ; _c17 cm. |
||
| 500 | _aDonación familia Nieto. | ||
| 505 | _aContenido :Hubo una vez -- Era un mes de estrellas -- Este mes que viene triste no es noviembre -- Los cinco días -- Murió aquel ... | ||
| 650 |
_aPoesías políticas _917111 |
||
| 650 |
_aLiteratura peruana _9169 |
||
| 942 |
_2ddc _cLIBROS |
||
| 945 | _arum | ||